| 000 | 01335nam a2200265 i 4500 | ||
|---|---|---|---|
| 001 | bg | ||
| 100 | 1 | _aAMBROZIAK, Andrzej | |
| 245 | 1 | 0 |
_aZgrzewanie tarciowe metali trudno topliwych w cieczy na tle innych metod spajania / _cAndrzej Ambroziak. |
| 246 | 1 | 1 | _aFriction welding of high-melting metals in fluid versus other joining methods |
| 260 |
_aWrocław : _bOficyna Wydawnicza PW, _c1998. |
||
| 300 |
_a207, [1] s. : _bfot., rys., wykr. ; _c24 cm. |
||
| 490 | 1 |
_aPrace Naukowe Instytutu Technologii Maszyn i Automatyzacji Politechniki Wrocławskiej. Monografie = _aScientific Papers of the Institute of Mechanical Engineering and Automation of the Wrocław University of Technology. Monographs, _x0867-5325 ; _v20 |
|
| 500 | _aTyt. równol. : Friction welding of high-melting metals in fluid versus other joining methods. - Numeracja ser. gł. : 66. - Streszcz. ang. | ||
| 504 | _aBibliogr. s. 193-201. | ||
| 650 | 9 |
_aMetale trudno topliwe _xtechnologia |
|
| 650 | 9 |
_aOleje _xstosowanie _xtechnika |
|
| 650 | 9 |
_aTarcie _xzagadnienia |
|
| 650 | 9 |
_aZgrzewanie _xmetody |
|
| 830 | 0 |
_aPrace Naukowe Instytutu Technologii Maszyn i Automatyzacji Politechniki Wrocławskiej. Monografie ; _v20 |
|
| 040 | _cBPK | ||
| 041 | 0 |
_apl _ben |
|
| 080 | _a669.72/.76:621.791/.795 | ||
| 942 | _cKS | ||
| 008 | s pl f |000 0 pol | ||
| 999 |
_c34511 _d34511 |
||
| 856 |
_uhttp://koha.tu.koszalin.pl/cgi-bin/koha/opac-detail.pl?biblionumber=34511 _yKatalog online BPK |
||